Iridescent - Linkin Park (All Lyrics) - Statistics

General Stats
  • This quiz has been taken 48 times
  • The average score is 159 of 203
Answer Stats
Answer % Correct
a
100%
in
100%
you
100%
You
100%
all
89%
And
89%
and
89%
cold
89%
desperation?
89%
Do
89%
feel
89%
it
89%
lost
89%
on
89%
the
89%
frustration
83%
go
83%
let
83%
Let
83%
of
83%
Remember
83%
sadness
78%
up
78%
build
72%
but
72%
edge
72%
failure’s
72%
hope,
72%
hope
72%
into
72%
No
72%
wake
72%
were
72%
devastation
67%
me
67%
unknown
67%
When
67%
you’ve
67%
crying,
61%
empty
61%
grace,
61%
impossibly
61%
known
61%
now”
61%
one
61%
“Save
61%
sky
61%
space
61%
standing
61%
there,
61%
there
61%
alone
56%
angel
56%
arms
56%
blinded
56%
cataclysm
56%
down,
56%
every
56%
falling
56%
if
56%
tempered
56%
to
56%
waiting
56%
As
50%
heavens
50%
insides
50%
light
50%
raining
50%
stars
50%
that
50%
their
50%
with
50%
catch
44%
had
44%
blown
39%
burst
39%
felt
39%
gravity
39%
No matching quizzes found
Score Distribution
Percent of People with Each Score
Percentile by Number Answered
Your Score History
You have not taken this quiz